000 00790cam a2200241 4500
001 J1311
008 090401t1993 xxu||||| |||| 00| 0 eng d
035 _a(Sirsi) u42809
041 _aeng
050 _a692.80212
110 _aUnited Kingdom
_bDepartment of the Environment
_9982
245 _aPrice adjustment formulae for construction contracts:monthly bulletin of indices . - January - December 1993
260 _aLondon
_bHMSO
_c1993
300 _a1 vol. ; 30cm.
350 _a0
520 _aFormerly produced by the Property Services Agency.
650 _aBUILT ENVIRONMENT-BUILDING CONTRACT FORMS
650 _aPRICE ADJUSTMENT FORMULAE
650 _aPROPERTY SERVICES AGENCY
690 _aBUILT ENVIRONMENT-BUILDING CONTRACT FORMS
942 _n0
948 _c04/03/1997
999 _c91185
_d91185